Normal view MARC view
  • Construction Skills Network

Entry Corporate Name

Number of records used in: 7

001 - CONTROL NUMBER

  • control field: 5136

003 - CONTROL NUMBER IDENTIFIER

  • control field: SIRSI

005 - DATE AND TIME OF LATEST TRANSACTION

  • control field: 20190806150240.0

008 - FIXED-LENGTH DATA ELEMENTS

  • fixed length control field: 070307n| aaannaabn |n ana d

040 ## - CATALOGING SOURCE

  • Original cataloging agency: OSt
  • Transcribing agency: OSt

110 2# - HEADING--CORPORATE NAME

  • Corporate name or jurisdiction name as entry element: Construction Skills Network

670 ## - SOURCE DATA FOUND

  • Source citation: Blueprint for UK construction skills 2007-2011, 2007